| 000 | 00663cam a2200241 4500 | ||
|---|---|---|---|
| 001 | J3981 | ||
| 008 | 090401t1996 xxu||||| |||| 00| 0 eng d | ||
| 035 | _a(Sirsi) u57824 | ||
| 041 | _aeng | ||
| 050 | _a333.33 | ||
| 110 |
_aFocus _93296 |
||
| 245 | _aAuction guide analysis. - First quarter 1996 - Second quarter 1996, Fourth quarter 1996 | ||
| 260 |
_aLondon _bProperty Intelligence plc _c1996 |
||
| 300 | _a3 pt. ; 30cm. | ||
| 350 | _a0 | ||
| 650 | _aAUCTION GUIDE ANALYSIS | ||
| 650 | _aAUCTION RESULTS | ||
| 650 | _aPROPERTY AUCTION GUIDE | ||
| 650 |
_aAuctioneering _96218 |
||
| 690 |
_aAuctioneering _96218 |
||
| 942 | _n0 | ||
| 948 | _c04/03/1997 | ||
| 999 |
_c93979 _d93979 |
||